| 000 | 00493nam a2200169Ia 4500 | ||
|---|---|---|---|
| 008 | 230917s9999||||xx |||||||||||||| ||und|| | ||
| 020 | _cGBP150 | ||
| 040 |
_e243421 _aMAIN |
||
| 041 | _aEnglish | ||
| 082 | _a647.94 D642R | ||
| 100 | _aDixit, Saurabh Kumar, ed. | ||
| 245 | 0 | _aRoutledge handbook of consumer behaviour in hospitality and tourism | |
| 260 |
_aLondon _bRoutledge _c2017 |
||
| 300 | _axxix, 483 p. | ||
| 500 | _a2933 20/11/2017 RBP17/67942 28/11/2017 IHTM (SFS) | ||
| 942 | _cBK | ||
| 999 |
_c24597 _d24597 |
||